12 pravidiel pre život : liek na chaos /
Salvato in:
| Autore principale: | |
|---|---|
| Natura: | Libro |
| Lingua: | slovacco |
| Pubblicazione: |
Bratislava
Tatran
2020
|
| Soggetti: | |
| Tags: |
Nessun Tag, puoi essere il primo ad aggiungerne!!
|
MARC
| LEADER | 00000nam a22000003a 4500 | ||
|---|---|---|---|
| 001 | 0105822 | ||
| 003 | SK-STU | ||
| 005 | 20231024101608.5 | ||
| 007 | ta | ||
| 008 | 231024s ----xo-----e------000-0-----d | ||
| 020 | |a 978-80-222-0948-9 | ||
| 040 | |a STU |b slo | ||
| 041 | 0 | |a slo | |
| 044 | |a xo | ||
| 100 | 1 | |a Peterson, Jordan B. |4 aut | |
| 245 | 1 | 0 | |a 12 pravidiel pre život : |b liek na chaos / |c aut. Jordan B Peterson |
| 260 | |a Bratislava |b Tatran |c 2020 | ||
| 300 | |a 376 s. | ||
| 650 | 0 | 7 | |a psychológia |
| 650 | 0 | 7 | |a filozofia |
| 996 | |b 284M089678 |c M* 14789-1 |l MMKN |s A |a 24 |w 0105822_0001 | ||